000 00562nam a2200205 4500
003 OSt
005 20141105140619.0
008 141105b xxu||||| |||| 00| 0 eng d
020 _a0435452622
040 _c040a
082 _a020
_bMOR 1997
100 _aMorrissey, Peter
_91819
245 _aAdvanced media communication and production /
_cPeter Morrissey, Sue Warr
260 _aOxford
_bHeinemann
_c1997
300 _ax, 630p ;
_bill :
_c15 cm.
504 _aincludes index
650 _acommunication
_91820
700 _aWarr, Sue
_91821
942 _2ddc
_cSLOAN
999 _c692
_d692